000
00234nmm a2200085Ia 4500
008
220120s9999||||xx |||||||||||||||||und||
100
_a
IT
_9
10698
245
0
_a
Tech tools: Macromedia, JRUN4 , SOT office 2002, sun one stu
260
_c
2002
999
_c
138643
_d
138643